01767nam a2200253 a 4500001001000000005001700010008004100027041000800068044000700076084002000083100004500103245009500148260006200243300003000305500025100335500012800586500055200714500001001266650005201276650005601328650003401384650004501418740005001463BRCA_262720190320203909.0011208s1879----sp-a---###---#000-0#spa-u aspa asp a188b.E88c18791 aCervantes Saavedra, Miguel ded1547-161610aEl Ingenioso Hidalgo Don Quijote de la Manchaccompuesto por Miguel de Cervantes Saavedra. aBarcelonabBiblioteca ilustrada de Espasa hermanosc1879? a2 v.bil.c34 cm.e1 mapa aContenido : v 1. Primera parte. Retrato de Cervantes. Dedicatoria del autor. Prólogo del autor. Variantes y nota. Texto. -- v 2. Segunda parte. Dedicatoria del autor. Prólo del autor. Variantes. Mapa de lugares donde anduvo Don Quijote. Texto aEdición : Monumental exornada con riquísimas láminas grabadas en acero por los más aventajados artistas españoles aPara esta hermosa edición echaron mano los editores de las preciosa láminas y viñetas y cabeceras de capítulos, de la edición de Tmás Gorchs, impresa en 1859. El texto fue nuevamente corregido y revisado por el mismo Gorchs quien cotejó las ediciones de Juan de la Cuesta y varias modernas, entre las cuales las de Clemencín y Hartzenbusch. Al igual que este último, coloca el robo dle rucio en el capítulo XXV. Edición de gran lujo, impresa en hermosos tipos. Semipiel; lomeras decoradas con filetes dorados Lúdovik Osterc aQM17914aNovela españolayÉpoca clásica, 1500-170014aLiteratura españolayÉpoca clásica, 1500-170014aNovela españolaySiglo XVII14aDon Quijote (Personaje ficticio)eNovela0 aEl Ingenioso Hidalgo Don Quijote de la Mancha